000 00357 a2200169 4500
001 195251
020 _a978-85-8217-331-2
040 _cMagnum
100 _aBARROS, Lycia
240 1 0 _aShakespeare e elas
_l
245 1 0 _aShakespeare e elas
300 _a254
362 0 _a2020
440 1 _aAutĂȘntica
697 _aLITERATURA JUVENIL
942 _cBK
999 _c195251
_d195251